书目信息 |
| 题名: |
人气小店设计解剖书
|
|
| 作者: | 高桥哲史 著 ;董方 译 | |
| 分册: | ||
| 出版信息: | 海口 南海出版公司 2016.9 |
|
| 页数: | 153页 | |
| 开本: | 21cm | |
| 丛书名: | ||
| 单 册: | ||
| 中图分类: | TU247.2 | |
| 科图分类: | ||
| 主题词: | 商店--室内装饰设计 | |
| 电子资源: | ||
| ISBN: | 978-7-5442-8419-6 | |
| 000 | 01001nam0 2200253 450 | |
| 001 | 0400004294 | |
| 005 | 20171023171036.0 | |
| 010 | @a978-7-5442-8419-6@dCNY39.00 | |
| 100 | @a20160930e20172016em y0chiy50 ea | |
| 101 | 1 | @achi@cjpn |
| 102 | @aCN@b460000 | |
| 105 | @aa z 000yy | |
| 106 | @ar | |
| 200 | 1 | @a人气小店设计解剖书@9ren qi xiao dian she ji jie pou shu@f(日)高桥哲史著@g董方译 |
| 210 | @a海口@c南海出版公司@d2016.9@h2017.4 | |
| 215 | @a153页@c彩图@d21cm | |
| 330 | @a这是一本店面空间设计书,从咖啡馆、酒吧、旅馆到眼镜店、服装店、杂货店,本书以直观的解剖图,介绍了34种店面类型的设计方案。书中不仅详细介绍了选址、选材、店内大小设施的合理尺寸,还给出了控制室内温度和选择背景音乐方面的建议,将有形、无形的设计都囊括其中。 | |
| 510 | 1 | @aAnatomical chart of shop@zeng |
| 606 | 0 | @a商店@x室内装饰设计 |
| 690 | @aTU247.2@v5 | |
| 701 | 0 | @c(日)@a高桥哲史@9gao qiao zhe shi@4著 |
| 702 | 0 | @a董方@9dong fang@4译 |
| 801 | 0 | @aCN@b91MARC@c20171023 |
| 905 | @b1028271-5@dTU247.2@f5@e1097 | |
| 人气小店设计解剖书/(日)高桥哲史著/董方译.-海口:南海出版公司,2016.9(2017.4) |
| 153页:彩图;21cm |
| ISBN 978-7-5442-8419-6:CNY39.00 |
| 这是一本店面空间设计书,从咖啡馆、酒吧、旅馆到眼镜店、服装店、杂货店,本书以直观的解剖图,介绍了34种店面类型的设计方案。书中不仅详细介绍了选址、选材、店内大小设施的合理尺寸,还给出了控制室内温度和选择背景音乐方面的建议,将有形、无形的设计都囊括其中。 |
| ● |
| 相关链接 |
|
|
|
|
正题名:人气小店设计解剖书
索取号:TU247.2/1097
 
预约/预借
| 序号 | 登录号 | 条形码 | 馆藏地/架位号 | 状态 | 备注 |
| 1 | 1028271 | 210282718 | 第二样本阅览室/ [索取号:TU247.2/1097] | 在馆 | |
| 2 | 1028272 | 210282727 | 密集书库-生命科学系/ [索取号:TU247.2/1097] | 在馆 | |
| 3 | 1028273 | 210282736 | 第三借阅区/ [索取号:TU247.2/1097] | 在馆 | |
| 4 | 1028274 | 210282745 | 第三借阅区/ [索取号:TU247.2/1097] | 在馆 | |
| 5 | 1028275 | 210282754 | 第三借阅区/ [索取号:TU247.2/1097] | 在馆 |